<?xml version="1.0" encoding="UTF-8"?>
<collection xmlns="http://www.loc.gov/MARC21/slim">
 <record>
  <leader>00316nam a2200109 c 4500</leader>
  <controlfield tag="001">bibDOK00000521</controlfield>
  <controlfield tag="005">20200924115700.7</controlfield>
  <controlfield tag="008">060518s1992    hu                  hun  </controlfield>
  <datafield tag="245" ind1="0" ind2="0">
   <subfield code="a">Kierkegaard-kabaré</subfield>
  </datafield>
  <datafield tag="260" ind1=" " ind2=" ">
   <subfield code="a">Bp.</subfield>
   <subfield code="b">Budapesti Kamaraszínház</subfield>
   <subfield code="c">1992</subfield>
  </datafield>
  <datafield tag="500" ind1=" " ind2=" ">
   <subfield code="a">Hermann, Wladimir (összeáll.)</subfield>
  </datafield>
  <datafield tag="500" ind1=" " ind2=" ">
   <subfield code="a">Dani Tivadar et al. (ford.)</subfield>
  </datafield>
 </record>
</collection>
